Normal view
MARC view
Entry Topical Term
001 - CONTROL NUMBER
- control field: 23565
003 - CONTROL NUMBER IDENTIFIER
- control field: ARRUPE
005 - DATE AND TIME OF LATEST TRANSACTION
- control field: 20160406111207.0
008 - FIXED-LENGTH DATA ELEMENTS
- fixed length control field: 160406|| aca||aabn | a|a d
040 ## - CATALOGING SOURCE
- Original cataloging agency: ARRUPE
- Transcribing agency: ARRUPE
150 ## - HEADING--TOPICAL TERM
- Topical term or geographic name as entry element: Environmental policy
670 ## - SOURCE DATA FOUND
- Source citation: Work cat.: (ARRUPE)0: Yearbook of Agriculture 23564, Agriculture and the environment, 1991